| 000 | 00518nam a2200205 a 4500 | ||
|---|---|---|---|
| 001 | 2030 | ||
| 003 | CDMR | ||
| 005 | 20131204111605.0 | ||
| 008 | 130130s2001||||||||||||||||||||||||||||d | ||
| 020 | _a9788425218810 | ||
| 040 |
_aCDMR _bcat _cCDMR |
||
| 100 | 1 |
_aFreund, Gisèle _91513 |
|
| 245 | 1 | 3 |
_aLa fotografía como documento social _cGisèle FREUND |
| 250 | _a10ª ed. | ||
| 260 |
_aBarcelona _c2001 _bGustavo Gili |
||
| 300 | _a207 p. | ||
| 490 | 0 | _aFotoGGrafia | |
| 650 | 0 | 4 |
_93096 _aFotografia |
| 942 |
_cMON _2ddc |
||
| 999 |
_c2030 _d2030 |
||